| 000 | 01115nam a22003497a 4500 | ||
|---|---|---|---|
| 001 | BR7906233 | ||
| 003 | BR-BrBNA | ||
| 005 | 20230928090132.0 | ||
| 007 | ta | ||
| 008 | 230509b bl.||||| |||| 00| 0 por d | ||
| 040 |
_aBR-BrBNA _bpor _cBiblioteca Nacional de Agricultura |
||
| 041 | _a(Por) | ||
| 072 |
_aF00 _b/G514 |
||
| 090 | _ F00 BR7906233 | ||
| 100 | 1 | _aMendonca, F.J. | |
| 100 | 1 | _aLee, D.C.L. | |
| 100 | 1 | _aTardin, A.T. | |
| 100 | 1 | _aChen, S.C. | |
| 100 | 1 | _aRene, A.N. | |
| 100 | 1 | _aShimabukuro, Y.E. | |
| 110 | 1 | _aInstituto de Pesquisas Espaciais, Sao Jose dos Campos, SP (Brasil) | |
| 245 | 1 |
_aResultados significantes do projeto estatisticas agricolas: 1975-1978 [Previsao de safra; Sensoriamento remoto; Brasil] _bINPE-1609-NTE/155 |
|
| 260 | 3 |
_aSao Jose dos Campos, SP (Brasil): _c1979. |
|
| 300 | _a29 p. | ||
| 500 | _a3 illus.; 8 tables; Map 1 (scale 1:250,000); Summaries (Eng, Por) | ||
| 650 | _aProducao vegetal | ||
| 650 | _aPrevisao de safra | ||
| 650 | _aSensoriamento remoto | ||
| 650 | _aAerofotogrametria | ||
| 909 |
_a202309 _bLucia _c55 _dLucia Elande |
||
| 942 | _cBK | ||
| 999 |
_c27920 _d27920 |
||